| 000 | 01130nam a2200241 4500 | ||
|---|---|---|---|
| 005 | 20240530110939.0 | ||
| 008 | 221025s2021 ua abf f b 000 0 ara d | ||
| 017 |
_a2020/20600 _bمصر. دار الكتب |
||
| 020 | _a9789776840232 | ||
| 040 |
_aEG-CaGPL _cEG-CaGPL |
||
| 082 | 0 | 8 |
_221 _a725.73/ _bأ ح |
| 100 | 0 | _aايمان اسماعيل على محمد | |
| 245 | 1 | 2 |
_aالحمامات العامة فى مدينة استانبول خلال العصر العثمانى فى ضوء نماذج منتقاة من حمامات السلاطين والصدور العظام: _bدراسة اثارية معمارية مقارنة / _cايمان اسماعيل على محمد |
| 250 | _aط.1 | ||
| 260 |
_aالاسكندرية : _bدار الوفاء لدنيا الطباعة و النشر، _c2021. |
||
| 300 |
_a836 ص. : _bايض ؛ _c24 سم + _eملاحق. |
||
| 650 | 0 | 7 |
_2qrmak _aالحمامات العامة _zاستانبول |
| 650 | 0 | 7 |
_2qrmak _aالحمامات التركية |
| 650 | 0 | 7 |
_2qrmak _aحمامات البخار |
| 651 | _2qrmak | ||
| 942 |
_2ddc _cBK |
||
| 999 |
_c66786 _d66786 |
||